=LDR 00000nam 2200000 4500 =001 INLIS000000000011821 =005 20130612103351 =008 ***********************************Ind** =035 ##$$0010-061300000011821 =041 ##$$a Ind =082 ##$$a 759.4 =090 ##$$a 759.4, Irm r =100 ##$$a Irmim, Sunyitno =245 ##$$a Rasa kecewa biang hancurnya motivasi kerja, Soejitno Irmim =260 ##$$a 2003 $b Jakarta =300 ##$$a 146 hlm., 19 cm =650 ##$$a Perasaan Kecewa =850 ##$$a NBPNMAT